Asteroids : how love, fear, and greed will determine our future in space (Record no. 77743)

MARC details
000 -LEADER
fixed length control field 00814nam a22002417a 4500
003 - CONTROL NUMBER IDENTIFIER
control field CBULib
005 - DATE AND TIME OF LATEST TRANSACTION
control field 20230809093528.0
008 - FIXED-LENGTH DATA ELEMENTS--GENERAL INFORMATION
fixed length control field 230509b |||||||| |||| 00| 0 eng d
020 ## - INTERNATIONAL STANDARD BOOK NUMBER
International Standard Book Number 9780300231922
040 ## - CATALOGING SOURCE
Transcribing agency CBULib
Modifying agency CBULib
Language of cataloging English
Description conventions rda
050 ## - LIBRARY OF CONGRESS CALL NUMBER
Classification number QB 651 Elv
100 1# - MAIN ENTRY--PERSONAL NAME
Personal name Elvis, Martin
9 (RLIN) 417
245 ## - TITLE STATEMENT
Title Asteroids : how love, fear, and greed will determine our future in space
Statement of responsibility, etc / by Martin Elvis
260 ## - PUBLICATION, DISTRIBUTION, ETC. (IMPRINT)
Name of publisher, distributor, etc Yale University Press,
Date of publication, distribution, etc 2021
Place of publication, distribution, etc London :
300 ## - PHYSICAL DESCRIPTION
Extent xii, 295 pages : illustrations
336 ## - CONTENT TYPE
Source rdacontent
Content type term Text |
Content type code txt
337 ## - MEDIA TYPE
Source rdamedia
Media type code n
Media type term Unmediated |
338 ## - CARRIER TYPE
Source rdacarrier
Carrier type term Volume
Carrier type code nc
504 ## - BIBLIOGRAPHY, ETC. NOTE
Bibliography, etc Includes bibliographical notes and index.
650 #0 - SUBJECT ADDED ENTRY--TOPICAL TERM
Source of heading or term Library of Congress
Topical term or geographic name as entry element ASTEROIDS
9 (RLIN) 418
650 #0 - SUBJECT ADDED ENTRY--TOPICAL TERM
Source of heading or term Library of Congress
Topical term or geographic name as entry element SPACE MINING
9 (RLIN) 419
942 ## - ADDED ENTRY ELEMENTS (KOHA)
Koha item type MONOGRAPH
Source of classification or shelving scheme
Holdings
Withdrawn status Lost status Source of classification or shelving scheme Damaged status Not for loan Collection code Permanent Location Current Location Shelving location Date acquired Source of acquisition Cost, normal purchase price Full call number Barcode Date last seen Copy number Cost, replacement price Price effective from Koha item type Total Checkouts
          Main Library Open Access Collection CBU-MAIN LIBRARY, KITWE. CBU-MAIN LIBRARY, KITWE. General Stacks 05/09/2023 DON-BOOKAID 27.65 QB 651 Elv 752024 05/09/2023 3 33.18 05/09/2023 MONOGRAPH  
          Main Library Open Access Collection CBU-MAIN LIBRARY, KITWE. CBU-MAIN LIBRARY, KITWE. General Stacks 05/09/2023 DON-BOOKAID 27.65 QB 651 Elv 752025 05/09/2023 4 33.18 05/09/2023 MONOGRAPH  
          Mpika Library Collection CBU-MPIKA LIBRARY, MPIKA CAMPUS. CBU-MAIN LIBRARY, KITWE. General Stacks 05/10/2023 DON-BOOKAID   QB 651 Elv 752022 05/10/2023 1   05/10/2023 MONOGRAPH  
          Mpika Library Collection CBU-MPIKA LIBRARY, MPIKA CAMPUS. CBU-MAIN LIBRARY, KITWE. General Stacks 05/10/2023 DON-BOOKAID   QB 651 Elv 752023 05/10/2023 2   05/10/2023 MONOGRAPH